| 000 | 00443pab a2200157 454500 | ||
|---|---|---|---|
| 008 | 180718b2009 xxu||||| |||| 00| 0 eng d | ||
| 100 | _aIllia, Laura | ||
| 245 | _aExploring how to diagnose members' concerns about changes in core elements of organizations | ||
| 260 | _c2009 | ||
| 300 | _ap.550-80. | ||
| 362 | _aDec | ||
| 650 | _aOrganizational change | ||
| 773 | _aJournal of Applied Behavioral Science | ||
| 908 | _aN | ||
| 909 | _a85465 | ||
| 999 |
_c85465 _d85465 |
||